An lisis y Diseño de Sistemas de Imformación / Jeffrey L. Whitten, Bentey Lonnie D., Barlow Víctor M. (Registro nro. 11844)

Detalles MARC
000 -LÍDER
fixed length control field 00556nam a2200169 4500
008 - ELEMENTOS DE LONGITUD FIJA -- INFORMACIÓN GENERAL
fixed length control field 0 1996 0a 000 0ESP
020 ## - NÚMERO INTERNACIONAL NORMALIZADO PARA LIBROS
ISBN 84-8086-252-1
050 ## - SIGNATURA TOPOGRAFICA DE LA BIBLIOTECA DEL CONGRESO (LC)
Número de Clasificación QA76.9.S88 W4518
082 ## - NUMERO DE CLASIFICACION DECIMAL DEWEY
Número de Clasificación 001.61 W179a
100 ## - ASIENTO PRINCIPAL--NOMBRE PERSONAL
Nombre personal Whitten, Jeffrey L.
245 ## - TÍTULO
Título An lisis y Diseño de Sistemas de Imformación / Jeffrey L. Whitten, Bentey Lonnie D., Barlow Víctor M.
250 ## - MENCIÓN DE EDICIÓN
Mención de edición 3
260 ## - PUBLICACIÓN, DISTRIBUCIÓN, ETC. (PIE DE IMPRENTA)
Lugar de publicación, distribución, etc. Colombia : McGraw-Hill
300 ## - DESCRIPCIÓN FÍSICA
Extensión vi, 907 p. / 23.5 cm.
500 ## - NOTA GENERAL
Nota general Incluye índice.
650 ## - ASIENTO SECUNDARIO DE MATERIA - TERMINO TEMÁTICO
Término temático o nombre geográfico como elemento de entrada 1.DISEÑO DE SISTEMAS \ 2.ANÁLISIS DE SISTEMAS
Existencias
No. biblioteca No. biblioteca Número de clasificación Código de barras/Número de adquisición Número de copia Tipo de material
LUIS G. INCLAN LUIS G. INCLAN 001.61 W179a 36442 12 Libros
LUIS G. INCLAN LUIS G. INCLAN 001.61 W179a 36591 13 Libros
LUIS G. INCLAN LUIS G. INCLAN 001.61 W179a 36922 17 Libros
LUIS G. INCLAN LUIS G. INCLAN 001.61 W179a 36923 18 Libros
LUIS G. INCLAN LUIS G. INCLAN 001.61 W179a 37499 20 Libros
LUIS G. INCLAN LUIS G. INCLAN 001.61 W179a 30515 2 Libros
LUIS G. INCLAN LUIS G. INCLAN 001.61 W179a 30516 3 Libros
LUIS G. INCLAN LUIS G. INCLAN 001.61 W179a 30517 4 Libros
LUIS G. INCLAN LUIS G. INCLAN 001.61 W179a 30518 5 Libros
LUIS G. INCLAN LUIS G. INCLAN 001.61 W179a 35685 6 Libros
LUIS G. INCLAN LUIS G. INCLAN 001.61 W179a 35686 7 Libros
LUIS G. INCLAN LUIS G. INCLAN 001.61 W179a 35687 8 Libros
LUIS G. INCLAN LUIS G. INCLAN 001.61 W179a 35977 9 Libros
LUIS G. INCLAN LUIS G. INCLAN 001.61 W179a 35978 10 Libros
LUIS G. INCLAN LUIS G. INCLAN 001.61 W179a 35979 11 Libros
LUIS G. INCLAN LUIS G. INCLAN 001.61 W179a 39217 22 Libros
LUIS G. INCLAN LUIS G. INCLAN 001.61 W179a 39218 23 Libros
LUIS G. INCLAN LUIS G. INCLAN 001.61 W179a 37498 19 Libros
LUIS G. INCLAN LUIS G. INCLAN 001.61 W179a 36781 14 Libros
LUIS G. INCLAN LUIS G. INCLAN 001.61 W179a 36782 15 Libros
LUIS G. INCLAN LUIS G. INCLAN 001.61 W179a 36783 16 Libros
LUIS G. INCLAN LUIS G. INCLAN 001.61 W179a 42579 24 Libros
LUIS G. INCLAN LUIS G. INCLAN 001.61 W179a 42580 25 Libros
LUIS G. INCLAN LUIS G. INCLAN 001.61 W179a 42581 26 Libros
LUIS G. INCLAN LUIS G. INCLAN 001.61 W179a 28539 1 Libros
Calzada Tecnológico # 27, Zacatepec, Morelos.
01(734) 343-07-23 / 343-21-10 / 343-21-11
Apdo. Postal 45 C.P 62780